Prvěk lidstva
| Main Author: | |
|---|---|
| Format: | Book |
| Language: | Undetermined |
| PhysicalDescription: | 578 s. |
| Published: |
Praha
Orbis
1946
|
MARC
| LEADER | 00000nam a2200000 a 4500 | ||
|---|---|---|---|
| 001 | vtls001292161 | ||
| 003 | SK-MaSNL | ||
| 005 | 20260301155457.0 | ||
| 008 | 240315s1946 xx 0 und | ||
| 035 | |a SNK000243859 | ||
| 040 | |a SNK |b slo |c SNK |e AACR2 | ||
| 100 | 1 | |a Neustupný, Jiří, |d 1905-1981 |4 aut |9 152905 | |
| 245 | 1 | |a Prvěk lidstva | |
| 260 | |a Praha |b Orbis |c 1946 | ||
| 300 | |a 578 s. | ||
| 999 | |c 801113 |d 803043 | ||
| 952 | |t P60, <04>, [BOOK], {604} |a SNK |b SNK |y VYP |7 0 |p 17A0074456 |o snkIC 68292 |0 0 |1 0 |4 0 |d 1997-06-25 |l 0 |r 2005-01-02 00:00:00 |w 2026-02-24 | ||


